| 000 | 01361nam a22003254a 4500 | ||
|---|---|---|---|
| 001 | ebr10067302 | ||
| 003 | CaPaEBR | ||
| 006 | m u | ||
| 007 | cr cn||||||||| | ||
| 008 | 021003s2003 nyua sb 001 0 eng | ||
| 010 | _z 2002034145 | ||
| 020 | _z0306474492 | ||
| 040 |
_aCaPaEBR _cCaPaEBR |
||
| 035 | _a(OCoLC)614555400 | ||
| 050 | 1 | 4 |
_aRG133.5 _b.M535 2003eb |
| 082 | 0 | 4 |
_a362.1/96692/0091724 _221 |
| 100 | 1 |
_aMiddleberg, Maurice I., _d1953- |
|
| 245 | 1 | 0 |
_aPromoting reproductive security in developing countries _h[electronic resource] / _cMaurice I. Middleberg. |
| 260 |
_aNew York : _bKluwer Academic/Plenum Publishers, _cc2003. |
||
| 300 |
_axiv, 271 p. : _bill. |
||
| 490 | 1 | _aIssues in women's health | |
| 504 | _aIncludes bibliographical references and index. | ||
| 533 |
_aElectronic reproduction. _bPalo Alto, Calif. : _cebrary, _d2013. _nAvailable via World Wide Web. _nAccess may be limited to ebrary affiliated libraries. |
||
| 650 | 0 |
_aReproductive health _zDeveloping countries. |
|
| 650 | 0 |
_aHuman reproductive technology _zDeveloping countries. |
|
| 655 | 7 |
_aElectronic books. _2local |
|
| 710 | 2 | _aebrary, Inc. | |
| 830 | 0 | _aIssues in women's health (Kluwer Academic Publishers) | |
| 856 | 4 | 0 |
_uhttp://site.ebrary.com/lib/rucke/Doc?id=10067302 _zAn electronic book accessible through the World Wide Web; click to view |
| 999 |
_c162632 _d162632 |
||